Panchayati Raj Institution's in West Bengal: (Record no. 207422)

MARC details
000 -LEADER
fixed length control field 00604nam a2200193 4500
005 - DATE AND TIME OF LATEST TRANSACTION
control field 20241205113119.0
010 ## - LCCN (DPL NO)
LC control number ENG-142548
020 ## - INTERNATIONAL STANDARD BOOK NUMBER
Terms of availability 80.00
International Standard Book Number 9788180643323
035 ## - SYSTEM CONTROL NUMBER
System control number EN-126080
037 ## - SOURCE OF ACQUISITION
Source of stock number/acquisition DBAD
082 ## - DEWEY DECIMAL CLASSIFICATION NUMBER
Classification number 307.720954
Edition number 1
100 ## - MAIN ENTRY--PERSONAL NAME
Personal name Moji, Anup
245 ## - TITLE STATEMENT
Title Panchayati Raj Institution's in West Bengal:
Remainder of title Evolution, Framework, Governance and Finance
Statement of responsibility, etc by Anup Maji
250 ## - EDITION STATEMENT
Edition statement First
260 ## - PUBLICATION, DISTRIBUTION, ETC. (IMPRINT)
Place of publication, distribution, etc Kolkata
Name of publisher, distributor, etc Progressive Publishers
Date of publication, distribution, etc 2020
270 ## - ADDRESS
Address 37A, College Street
City Kolkata
Postal code 700073
300 ## - PHYSICAL DESCRIPTION
Extent 83p.
Dimensions 22m(hb)
942 ## - ADDED ENTRY ELEMENTS (KOHA)
Source of classification or shelving scheme Dewey Decimal Classification
Item type English Books
Classification part 307.720954
Call number suffix MAJ
Holdings
Withdrawn status Lost status Not for loan Collection code Home library Current library Date acquired Source of acquisition Cost, normal purchase price Full call number Barcode Copy number Cost, replacement price Koha item type
      Non-fiction Central Library Central Library 05/12/2024 DBAD 80.00 307.720954 MAJ EN-126080 1 80.00 English Books

© Delhi Public Library
Hit Counter
free hit counter